| 000 | 03463nam a2200493 4500 | ||
|---|---|---|---|
| 001 | 13916 | ||
| 003 | http://catalogue.bnf.fr/ark:/12148/cb48546964f | ||
| 005 | 20250827152019.0 | ||
| 010 |
_a9791094086995 _d15 EUR |
||
| 073 | 0 | _a9791094086995 | |
| 090 | _a13916 | ||
| 099 | _o0 | ||
| 100 | _a20250704d2025 m y0frey50 ba | ||
| 101 | 0 | _afre | |
| 102 | _aFR | ||
| 105 | _a||||z 00||| | ||
| 181 | 0 |
_601 _ai _bxxxe |
|
| 181 |
_602 _ctxt _2rdacontent |
||
| 182 | 0 |
_601 _an |
|
| 182 |
_602 _cn _2rdamedia |
||
| 200 | 1 |
_aEncore plus, partout, tout le temps _bLIVR _esuivi de After show |
|
| 214 | 0 |
_cEsse que éditions _d2025 |
|
| 214 | 3 | _cImpr. Typolibris | |
| 214 | 0 | _aPantin | |
| 214 | 3 | _a22-Saint-Brieuc cedex 9 | |
| 215 | _a1 vol. (208 p.) | ||
| 215 | _d19 cm | ||
| 225 | 1 | _aUne collection dirigée par Mathilde Priolet | |
| 323 | _aindéfini | ||
| 330 | _aEncore plus, partout, tout le temps / Le collectif l Avantage du doute investit le terrain de la crise écologique et du patriarcat comme étant deux faces indissociablement liées de la même catastrophe. Dans cette pièce on découvre un gros ours blanc atteint de solastalgie, avec bien sûr sa banquise qui fond avec lui, des femmes dévastées et des déesses inquiétantes, un mécène masculiniste qui s incruste, une côte de bSuf carbonisée, des Sufs bio du Limousin et un arc bandé à bloc, une clameur aussi violente qu harmonieuse et libératrice, ou encore une tempête filiale destructrice. Il y a l espace du papotage et l espace des larmes. Tout ça en une heure et quelques, sous anthropocène, dans des décors recyclés, des costumes récupérés, et en pleine conversation avec le public. After show / Une plongée dans la nuit de notre époque pour tenter de produire un peu de lumière, rire et s émouvoir encore ensemble. Sans promettre d annuler la noirceur et la sidération qui nous gagnent, le collectif cherche à travers le poème, la musique et le rire à balayer les figures qui oppressent nos imaginaires. Pour les y aider, les interprètes du collectif convoquent la multitude dont ils sont faits: doubles fantasques, personnages de l enfance et fantômes qui leur sont chers. Un singe devenu artiste contemporain et égérie des grandes marques de luxe, une journaliste possédée en direct par son bouffon endiablé, une jeune actrice avec l accent d Aubagne qui revisite la Nuit des Rois de Shakespeare, les fantômes du sociologue Bruno Latour ou de la philosophe Hannah Arendt, et pour finir, la Mort en plein burn-out qui vient nous faire son show. L aventure de L Avantage du doute, collectif de cinq acteurs / actrices ET auteurs / autrices, est depuis 2007 une expérience réelle du partage de la responsabilité et de la décision. Pas de chef, pas de directeur de compagnie. Ou, dit autrement, cinq metteur·euses en scène qui proposent au public un théâtre à l heure du monde et à échelle humaine. | ||
| 610 |
_aMort _aécologie |
||
| 700 | _aCollectif L'Avantage du doute | ||
| 700 | _cAuteur du texte | ||
| 702 |
_aBestel _bMélanie |
||
| 702 |
_aDavis _bJudith |
||
| 702 |
_aDumas _bClaire |
||
| 702 |
_aLegrand _bNadir |
||
| 702 | _cAuteur du texte | ||
| 702 | _cAuteur du texte | ||
| 702 | _cAuteur du texte | ||
| 702 | _cAuteur du texte | ||
| 801 | 0 |
_aFR _bFR-751131015 _c20250704 _gAFNOR _hFRBNF485469640000000 |
|
| 856 | 2 |
_u1068433 _bPremière de couverture |
|
| 856 | 2 |
_u1068434 _bQuatrième de couverture |
|